|
|
|
|
| LEADER |
01221nam a2200265 a 4500 |
| 001 |
1851736 |
| 008 |
090910s1981 onc b 000 0 eng d |
| 010 |
|
|
|a 81182679
|
| 020 |
|
|
|a 088936284X (pbk.)
|
| 040 |
|
|
|a DLC
|c DLC
|d DLC
|
| 082 |
0 |
0 |
|a 370/.7/808
|2 19
|
| 100 |
1 |
|
|a Myers, Robert G.
|
| 245 |
1 |
0 |
|a Connecting worlds :
|b a survey of developments in educational research in Latin America /
|c Robert G. Myers.
|
| 260 |
|
|
|a Ottawa :
|b International Development Research Centre,
|c c1981.
|
| 300 |
|
|
|a 88 p. ;
|c 25 cm.
|
| 500 |
|
|
|a "Prepared for the Educational Research Review and Advisory Group, Ottawa, Canada, June 1980."
|
| 500 |
|
|
|a "IDRC-TS35e."
|
| 504 |
|
|
|a Includes bibliographical references.
|
| 541 |
1 |
|
|e 00000917
|
| 650 |
|
0 |
|a Education
|x Research
|z Latin America.
|
| 650 |
|
0 |
|a Educational surveys
|z Latin America.
|
| 710 |
2 |
|
|a International Development Research Centre (Canada).
|b Educational Research Review and Advisory Group.
|
| 852 |
4 |
|
|a Ayesha Abed Library
|j General shelf
|
| 999 |
|
|
|c 3849
|d 3849
|
| 952 |
|
|
|0 0
|1 0
|2 ddc
|4 0
|6 370_780800000000000_MYE_1981
|7 0
|8 NFIC
|9 3502
|a BRACUL
|b BRACUL
|c GEN
|d 2009-09-13
|g 0.00
|l 0
|o 370.7808 MYE
|p 3010000917
|r 2009-09-13
|t 1
|w 2009-09-13
|y BK
|x No price found in the accession register.
|